000 00338nam a2200157Ia 4500
100 _aAli/Shawkat/A.B.M
650 _aDatamining
942 _cBK
366 _f20
245 _aDatamining:Methods and techniques
260 _bCengage Learning
_c2009
082 _a005.74/ALI
_bALI
300 _a299
546 _aENGLISH
999 _c33238
_d33238